000 00721nam a2200253Ia 4500
003 OSt
005 20220918214108.0
006 a|||||r|||| 00| 0
007 ta
008 220917b |||||||| |||| 00| 0 eng d
024 _a135,849
037 _cTextual
040 _aARTS
_cARTS
_beng
041 _2eng
_aeng
082 _aX:77.41.N60<-N49, K1
100 _aHughes T J
_9129843
245 0 _aEconomic development of communist China 1949-1960
260 _aConnecticut
_bGreenwood Press
_c1961
300 _avi,229p. maps
_ccm.
650 _aECONOMICS
700 _a Luard D E T
_9129844
942 _hX:77.41.N60<-N49, K1
_cTEXL
_2CC
999 _c258941
_d258941